| 000 | 01185nam a22002775i 4500 | ||
|---|---|---|---|
| 001 | 53390 | ||
| 003 | ES-MaACL | ||
| 005 | 20250718062535.0 | ||
| 007 | t| | ||
| 008 | 950922e1871 sp ||||1| spa d | ||
| 080 | _a17 | ||
| 080 | _a165.731 | ||
| 100 | 1 |
_aGonzález Serrano, U., _d1848-1904 _958968 _eaut |
|
| 245 | 1 | 0 |
_aEstudio sobre los principios de la moral con relación a la doctrina positivista : _btesis presentada para el ejercicio de doctor en la Facultad de Filosofía y Letras / _cpor Urbano González Serrano. |
| 260 |
_aMadrid : _b[s.n.], _c1871 _f(Imp. Española) |
||
| 300 |
_a112, [2] páginas ; _c19 cm. |
||
| 502 | _aTesis doctoral | ||
| 530 | _aDisponible en formato digital | ||
| 650 | 7 |
_aÉtica _2embne _912577 |
|
| 650 | 7 |
_aPositivismo _2embne _916324 |
|
| 852 |
_aES-MaACL _cSVI _gDedicatoria manuscrita del autor a Antonio Aura Boronat _hDonativo de Antonio Aura Boronat _jD-4707(2) |
||
| 856 |
_uhttp://ciconia.gobex.es/biblioteca/es/consulta/registro.cmd?id=5735 _yVersión en línea _z(Biblioteca Digital del Patrimonio Cultural de Extremadura) |
||
| 942 |
_2udc _cMONANT _n0 |
||
| 999 |
_c53390 _d53390 |
||